[Event "Belt and Road Hunan op-B"]
[Site "Changsha"]
[Date "2019.07.31"]
[Round "4"]
[White "Wang, Zideng"]
[Black "Gong, Qianyun"]
[Result "0-1"]
[WhiteElo "2018"]
[BlackElo "2370"]
[PlyCount "100"]
[EventDate "2019.07.29"]
[EventType "swiss"]
[EventRounds "9"]
[EventCountry "CHN"]
[SourceTitle "EXT 2020"]
[Source "ChessBase"]
[SourceDate "2019.10.17"]
[SourceVersion "1"]
[SourceVersionDate "2019.10.17"]
[SourceQuality "1"]

1. d4 Nf6 2. c4 g6 3. Nc3 d5 4. cxd5 Nxd5 5. e4 Nxc3 6. bxc3 Bg7 7. Be3 c5 8. Qd2 Qa5 9. Rc1 0-0 10. Nf3 Bg4 11. d5 Nd7 12. c4 Qa3 13. Be2 Bxf3 14. gxf3 Bd4 15. Bxd4 cxd4 16. 0-0 Ne5 17. Kg2 d3 18. Bd1 f5 19. f4 Nd7 20. Rc3 Qa6 21. exf5 Nc5 22. Re1 gxf5 23. Rxd3 Nxd3 24. Qxd3 Rf7 25. Kh1 Rg7 26. Qxf5 Qxc4 27. Bb3 Qb4 28. Rg1 Rxg1+ 29. Kxg1 Qd6 30. Qg5+ Kh8 31. Qe5+ Qf6 32. Qxf6+ exf6 33. f5 Kg7 34. Kg2 Kf8 35. Kg3 Ke7 36. Kh4 Kd6 37. f4 Rg8 38. Kh5 Rg2 39. h4 Rh2 40. Kh6 Rxh4+ 41. Kg7 Rxf4 42. Kxf6 Rf2 43. Bc4 h5 44. Kg5 h4 45. Kg4 h3 46. Kxh3 Rxf5 47. Kg3 Kc5 48. Bb3 b5 49. Kg4 Rf6 50. Kg5 Rf2 0-1

[Event "CHN-chB"]
[Site "Hangzhou"]
[Date "2019.07.04"]
[Round "5"]
[White "Wang, Zideng"]
[Black "Zou, Chen"]
[Result "0-1"]
[WhiteElo "2018"]
[BlackElo "2440"]
[PlyCount "82"]
[EventDate "2019.07.02"]
[EventType "swiss"]
[EventRounds "11"]
[EventCountry "CHN"]
[SourceTitle "CBM 191 Extra"]
[Source "ChessBase"]
[SourceDate "2019.09.30"]
[SourceVersion "1"]
[SourceVersionDate "2019.09.30"]
[SourceQuality "1"]

1. d4 Nf6 2. c4 e6 3. g3 c5 4. d5 exd5 5. cxd5 d6 6. Nc3 g6 7. Bg2 Bg7 8. Nf3 0-0 9. 0-0 Re8 10. Bf4 a6 11. a4 Nh5 12. Bg5 Qc7 13. Nd2 h6 14. Bf4 Nxf4 15. gxf4 Nd7 16. e4 Rb8 17. a5 b5 18. axb6 Rxb6 19. Qc2 Rb4 20. Rfe1 Qd8 21. Ra4 Nb6 22. Rxb4 cxb4 23. Ne2 Bg4 24. Nb3 Qc8 25. Qd2 Bxe2 26. Rxe2 Qc4 27. Re3 Rc8 28. Bf1 Qc7 29. Qxb4 Bxb2 30. Bxa6 Ra8 31. Bb5 Bg7 32. Bc6 Ra2 33. Nd4 Qc8 34. h3 Qa6 35. Nb5 Rb2 36. Qa3 Na4 37. Rb3 Rd2 38. Rd3 Bb2 39. Rxd2 Bxa3 40. Nxa3 Nc3 41. Nc2 Nxe4 0-1

[Event "Tianjin Binhai Cup 1st"]
[Site "Tianjin"]
[Date "2018.12.27"]
[Round "3"]
[White "Wang, Zideng"]
[Black "Chu, Ruotong"]
[Result "1/2-1/2"]
[WhiteElo "2068"]
[BlackElo "2261"]
[PlyCount "62"]
[EventDate "2018.12.25"]
[EventType "swiss"]
[EventRounds "9"]
[EventCountry "CHN"]
[SourceTitle "CBM 188 Extra"]
[Source "ChessBase"]
[SourceDate "2019.02.26"]
[SourceVersion "1"]
[SourceVersionDate "2019.02.26"]
[SourceQuality "1"]

1. d4 Nf6 2. c4 g6 3. Nc3 d5 4. cxd5 Nxd5 5. e4 Nxc3 6. bxc3 Bg7 7. Be3 c5 8. Qd2 Qa5 9. Nf3 Bg4 10. Rc1 Nd7 11. d5 b5 12. Be2 0-0 13. c4 b4 14. 0-0 Nb6 15. Bd3 Na4 16. Rc2 Rab8 17. Bf4 Bc3 18. Qe3 Rb7 19. Ne5 Bxe5 20. Bxe5 b3 21. axb3 Rxb3 22. h3 Bd7 23. Qe2 Qb4 24. Rd2 Nc3 25. Qe3 Nxe4 26. Qh6 f6 27. Bxe4 fxe5 28. Bxg6 hxg6 29. Qxg6+ Kh8 30. Qh6+ Kg8 31. Qg6+ Kh8 1/2-1/2

[Event "Xingtai op"]
[Site "Xingtai"]
[Date "2018.10.22"]
[Round "9"]
[White "Wang, Yu A"]
[Black "Wang, Zideng"]
[Result "1-0"]
[WhiteElo "2308"]
[BlackElo "2135"]
[PlyCount "71"]
[EventDate "2018.10.14"]
[EventType "swiss"]
[EventRounds "9"]
[EventCountry "CHN"]
[SourceTitle "EXT 2020"]
[Source "ChessBase"]
[SourceDate "2019.10.17"]
[SourceVersion "1"]
[SourceVersionDate "2019.10.17"]
[SourceQuality "1"]

1. e4 c6 2. d4 d5 3. e5 Bf5 4. Be3 e6 5. Nd2 Nd7 6. f4 Nh6 7. Ngf3 Ng4 8. Bg1 h5 9. h3 Nh6 10. Be2 Be7 11. Bf2 Rg8 12. c3 g5 13. fxg5 Bxg5 14. Nxg5 Qxg5 15. g3 0-0-0 16. Bxh5 f6 17. g4 Be4 18. Nxe4 dxe4 19. Qe2 fxe5 20. Be3 Qh4+ 21. Qf2 Nf5 22. Qxh4 Nxh4 23. Bf7 Rgf8 24. Bxe6 Ng2+ 25. Ke2 Rf3 26. Bg5 Nf4+ 27. Bxf4 exf4 28. Raf1 Re3+ 29. Kd2 Rd3+ 30. Kc2 f3 31. Bc4 Ne5 32. Bxd3 Nxd3 33. Rxf3 Nb4+ 34. cxb4 exf3 35. Rf1 Rf8 36. Rf2 1-0

[Event "Xingtai op"]
[Site "Xingtai"]
[Date "2018.10.16"]
[Round "3"]
[White "Wang, Zideng"]
[Black "Das, Arghyadip"]
[Result "0-1"]
[WhiteElo "2135"]
[BlackElo "2437"]
[PlyCount "73"]
[EventDate "2018.10.14"]
[EventType "swiss"]
[EventRounds "9"]
[EventCountry "CHN"]
[SourceTitle "CBM 186 Extra"]
[Source "ChessBase"]
[SourceDate "2018.08.24"]
[SourceVersion "1"]
[SourceVersionDate "2018.08.24"]
[SourceQuality "1"]

1. d4 e6 2. c4 b6 3. Nc3 Bb7 4. e4 Bb4 5. Qc2 Qh4 6. Bd3 f5 7. g3 Qh5 8. f3 Nc6 9. Be3 fxe4 10. Bxe4 Nf6 11. g4 Bxc3+ 12. bxc3 Qf7 13. Bd3 0-0-0 14. 0-0-0 Na5 15. h3 Qe7 16. Kb1 e5 17. d5 Rde8 18. Rh2 Kb8 19. Re2 d6 20. Qa4 Qd7 21. Qb4 h6 22. Ka1 Ba6 23. Rb2 Ka8 24. c5 dxc5 25. Bxc5 Bxd3 26. Rxd3 e4 27. Rd1 exf3 28. Bf2 Re4 29. Qb5 Nc4 30. Qxd7 Nxd7 31. Rb4 a5 32. Rb5 Rf8 33. Rd3 Nce5 34. Rd1 g6 35. Rbb1 h5 36. gxh5 gxh5 37. d6 0-1

[Event "Hangzhou op of Ivy 1st"]
[Site "Hangzhou"]
[Date "2017.01.20"]
[Round "5.8"]
[White "Wang, Zideng"]
[Black "Chen, Mingze"]
[Result "1/2-1/2"]
[WhiteElo "1747"]
[BlackElo "1772"]
[PlyCount "109"]
[EventDate "2017.01.18"]
[EventType "swiss"]
[EventRounds "9"]
[EventCountry "CHN"]
[SourceTitle "EXT 2024"]
[Source "ChessBase"]
[SourceDate "2023.10.10"]
[SourceVersion "1"]
[SourceVersionDate "2023.10.10"]
[SourceQuality "1"]

1. d4 d5 2. Nf3 Nf6 3. Bg5 Bf5 4. e3 e6 5. Nbd2 h6 6. Bh4 Be7 7. Be2 0-0 8. 0-0 Nbd7 9. Rc1 Ne4 10. Bxe7 Qxe7 11. Nxe4 dxe4 12. Nd2 Qg5 13. Kh1 c6 14. c4 Rad8 15. f4 exf3 16. Rxf3 Qe7 17. Rg3 Nf6 18. Bf3 Bh7 19. c5 e5 20. Nc4 exd4 21. exd4 Be4 22. Nd6 Rd7 23. Qf1 Bg6 24. Re1 Qd8 25. b4 Ne8 26. Bg4 Nxd6 27. Bxd7 Ne4 28. Rxg6 fxg6 29. Qc4+ Kh7 30. Rxe4 Qxd7 31. Qe2 Qd5 32. Kg1 Qg5 33. Qe3 Qd5 34. Qe2 Qg5 35. g3 Qd5 36. h4 Rf5 37. g4 Rf7 38. Kh2 a5 39. Kg3 axb4 40. Qc2 Rf8 41. h5 Qf7 42. hxg6+ Qxg6 43. Re2 Rd8 44. Qxg6+ Kxg6 45. Rd2 Kg5 46. Kf3 Rf8+ 47. Ke4 Rf4+ 48. Ke5 Rxg4 49. Rb2 h5 50. Rxb4 h4 51. Rxb7 h3 52. Rxg7+ Kh4 53. Rh7+ Kg3 54. Rxh3+ Kxh3 55. a4 1/2-1/2

[Event "World School-ch U13"]
[Site "Sochi"]
[Date "2016.12.06"]
[Round "4"]
[White "Gulbeyaz, Emir"]
[Black "Wang, Zideng"]
[Result "1-0"]
[WhiteElo "2008"]
[BlackElo "1735"]
[PlyCount "27"]
[EventDate "2016.12.03"]
[EventType "swiss"]
[EventRounds "9"]
[EventCountry "RUS"]
[SourceTitle "EXT 2018"]
[Source "ChessBase"]
[SourceDate "2017.10.13"]
[SourceVersion "1"]
[SourceVersionDate "2017.10.13"]
[SourceQuality "1"]

1. e4 c5 2. d3 Nc6 3. g3 g6 4. Bg2 Bg7 5. Ne2 d6 6. 0-0 e6 7. Nbc3 Nf6 8. Be3 0-0 9. d4 cxd4 10. Nxd4 a6 11. a4 Qc7 12. f4 Nd8 13. Kh1 b6 14. f5 1-0

[Event "World School-ch U11 11th"]
[Site "Pattaya"]
[Date "2015.05.10"]
[Round "5"]
[White "Assaubayeva, Bibissara"]
[Black "Wang, Zideng"]
[Result "1-0"]
[WhiteElo "2086"]
[BlackElo "1619"]
[PlyCount "29"]
[EventDate "2015.05.07"]
[EventType "swiss"]
[EventRounds "9"]
[EventCountry "THA"]
[SourceTitle "CBM 166 Extra"]
[Source "ChessBase"]
[SourceDate "2015.06.18"]
[SourceVersion "1"]
[SourceVersionDate "2015.06.18"]
[SourceQuality "1"]

1. d4 Nf6 2. c4 e6 3. Nf3 b6 4. g3 Ba6 5. Qc2 Bb7 6. Bg2 d5 7. cxd5 Nxd5 8. 0-0 c5 9. a3 a5 10. Rd1 Qe7 11. e4 cxd4 12. Qa4+ Bc6 13. Qxd4 Nf6 14. Bf4 Qb7 15. Qd8# 1-0